| Tag |
First Indicator |
Second Indicator |
Subfields |
| LEADER |
00000cam a22000001 4500 |
| 001 |
in00000098871 |
| 005 |
20150926125534.0 |
| 008 |
721115s1970 fr b 10000 eng |
| 010 |
|
|
|a 75511500
|
| 015 |
|
|
|a F***
|
| 035 |
|
|
|a (OCoLC)00517138
|
| 035 |
|
|
|9 AAL3548AM
|
| 040 |
|
|
|a DLC
|c DLC
|d TXA
|d UtOrBLW
|
| 041 |
0 |
|
|a eng
|a fre
|
| 049 |
|
|
|a TXAM
|c [1129897]
|
| 050 |
0 |
0 |
|a TL678
|b .A29
|
| 082 |
0 |
|
|a 629.135
|
| 245 |
0 |
0 |
|a Advanced control system concepts ;
|b papers presented at a joint symposium of the Guidance and Control Panel and the Flight Mechanics Panel of AGARD, held in Oslo, Norway, 3-5 September 1968.
|
| 264 |
|
1 |
|a [Neuilly-sur-Seine, France] :
|b North Atlantic Treaty Organization, Advisory Group for Aerospace Research and Development,
|c [1970]
|
| 300 |
|
|
|a vii, 218 pages :
|b illlus. ;
|c 30 cm.
|
| 336 |
|
|
|a text
|b txt
|2 rdacontent
|
| 337 |
|
|
|a unmediated
|b n
|2 rdamedia
|
| 338 |
|
|
|a volume
|b nc
|2 rdacarrier
|
| 490 |
1 |
|
|a AGARD conference proceedings, no. 58
|
| 500 |
|
|
|a English or French.
|
| 504 |
|
|
|a Includes bibliographies.
|
| 650 |
|
0 |
|a Airplanes
|x Control systems
|x Congresses.
|
| 710 |
2 |
|
|a North Atlantic Treaty Organization.
|b Advisory Group for Aerospace Research and Development.
|b Guidance and Control Panel.
|
| 710 |
2 |
|
|a North Atlantic Treaty Organization.
|b Advisory Group for Aerospace Research and Development.
|b Flight Mechanics Panel.
|
| 830 |
|
0 |
|a AGARD conference proceedings ;
|v no. 58.
|
| 999 |
|
|
|a MARS
|
| 999 |
f |
f |
|s f74e1404-bc40-371a-9e46-12171da79b01
|i 0c87b38d-a953-3fa6-a56c-84b756adc8e4
|t 0
|
| 952 |
f |
f |
|p ric
|a Texas A&M University
|b Rellis Campus
|c Joint Library Facility
|d Remote Storage
|t 0
|e TL678 .A29
|h Library of Congress classification
|i unmediated -- volume
|m A14805547606
|
| 998 |
f |
f |
|a TL678 .A29
|t 0
|l Remote Storage
|